| 000 | 00764nmc a2200277 a 4500 | ||
|---|---|---|---|
| 003 | AR-BaBNM | ||
| 005 | 20251128211251.0 | ||
| 008 | 123020s2002 ||||||||||||||000 | spa|| | ||
| 020 | _a84-277-1403-3 | ||
| 040 | _cAR-BaBNM | ||
| 100 | 1 | _aTrevithick, Pamela | |
| 245 | 1 | 0 |
_aHabilidades de comunicación en intervención social _bmanual práctico |
| 260 |
_aMadrid _bNarcea _c2002 |
||
| 300 | _a308 p. | ||
| 490 | 0 | _aNarcea sociocultural | |
| 504 | _aContiene referencias bibliográficas p. 291-308 | ||
| 650 | 4 | _aDESARROLLO DE LA COMUNIDAD | |
| 650 | 4 | _aEDUCACION COMUNITARIA | |
| 650 | 4 | _aINTERVENCION | |
| 650 | 4 | _aCOMUNICACION | |
| 650 | 4 | _aENTREVISTAS | |
| 650 | 4 | _aTRABAJO SOCIAL | |
| 650 | 4 | _aNEGOCIACION | |
| 942 | _cBK | ||
| 998 | _craquel | ||
| 999 |
_c18921 _d18921 |
||